The influence of English borrowings in the lexical expansions of modern Japanese /
محفوظ في:
| المؤلف الرئيسي: | |
|---|---|
| التنسيق: | أطروحة كتاب |
| اللغة: | English |
| منشور في: |
Tokyo ,
1994.
|
| الموضوعات: | |
| الوسوم: |
إضافة وسم
لا توجد وسوم, كن أول من يضع وسما على هذه التسجيلة!
|
| LEADER | 00811cam a2200229 a 4500 | ||
|---|---|---|---|
| 001 | u347577 | ||
| 003 | SIRSI | ||
| 008 | 920820s1994 ja 00 1 eng | ||
| 035 | |a ABR-9367 | ||
| 040 | |a UMB | ||
| 093 | |a PL664 |b E5Ong | ||
| 100 | 1 | 0 | |a Ong, Shyi Nian. |
| 245 | 1 | 4 | |a The influence of English borrowings in the lexical expansions of modern Japanese / |c Ong Shyi Nian. |
| 260 | |a Tokyo , |c 1994. | ||
| 300 | |a 36 leaves ; |c 30cm. | ||
| 500 | |a Pusat Bahasa close stacks. | ||
| 502 | |a Post Graduate Dissertation -- Graduate School of Literature, Waseda University, 1994. | ||
| 504 | |a Bibliography: leaves 35-36 | ||
| 650 | 0 | |a Japanese language |x Foreign words and phrases |x English. | |
| 948 | |a 17/02/1994 |b 10/09/1996 | ||
| 596 | |a 6 | ||
| 999 | |a PL664 E5ONG |w LC |c 1 |i A500531615 |l STACKS |m P06BAHASA |r Y |s Y |t TESIS |u 2/3/1994 | ||
